000 00517nam a2200181Ia 4500
003 GCL
008 140319s9999 xx 000 0 eng d
040 _aGCL /
_cGCL
082 0 4 _a745.5
_bT K
100 1 _aTERZIAN, ALEXANDRA M.
245 1 0 _aTHE KID'S MULTICULTURAL ART BOOK: ART & CRAFT EXPERIENCES FROM AROUND THE WORLD /
_cTERZIAN, ALEXANDRA M.
260 _a[S.N] :
_bWILLIAMSON PUBLISHING ،
_c1993
300 _a158 P
650 0 4 _aHANDCRAFT
650 0 4 _aTOYS
650 0 4 _aFOLK - ART
942 _2ddc
_cBK
999 _c21423
_d21423